|
|
|
|
| LEADER |
00000nam0a2200000 4500 |
| 001 |
21626 |
| 005 |
20231101205437.0 |
| 035 |
|
|
|a (RuTPU)RU\TPU\book\21831
|
| 035 |
|
|
|a BOOK00006524
|
| 090 |
|
|
|a 21626
|
| 100 |
|
|
|a 20011209d1968 m y0rusy50 ca
|
| 101 |
0 |
|
|a rus
|a ger
|
| 102 |
|
|
|a RU
|
| 105 |
|
|
|a a j 001zy
|
| 200 |
1 |
|
|a Разговорный немецкий язык : Сборник диалогов и упражнений
|d Alltagsdeutsch : Dialoge und Uebungen
|f Л. С. Косман
|
| 210 |
|
|
|a Москва
|c Международные отношения
|d 1968
|
| 215 |
|
|
|a 280 с.
|c ил.
|
| 300 |
|
|
|a Загл. обл. и корешок нем.
|
| 320 |
|
|
|a Библиогр.: с. 253.
|
| 510 |
1 |
|
|a Alltagsdeutsch : Dialoge und Uebungen
|z ger
|
| 606 |
|
|
|a Немецкий язык
|x Для вузов
|x Пособия по развитию речи
|2 stltpush
|3 (RuTPU)RU\TPU\subj\45398
|9 64640
|
| 610 |
1 |
|
|a устная речь
|
| 610 |
1 |
|
|a разговорная речь
|
| 610 |
1 |
|
|a диалоги
|
| 686 |
|
|
|a Ш143.24-923.4
|v LBC/SL-A
|2 rubbk
|
| 700 |
|
1 |
|a Косман
|b Л. С.
|g Леонид Степанович
|
| 801 |
|
0 |
|a RU
|b 63413507
|c 20011209
|g PSBO
|
| 801 |
|
2 |
|a RU
|b 63413507
|c 20140417
|g PSBO
|
| 942 |
|
|
|c BK
|